000 00595nam a2200193Ia 4500
003 OSt
005 20221007083240.0
006 a|||||r|||| 00| 0
007 ta
008 221006b |||||||| |||| 00| 0 eng d
024 _a22,469
037 _cTheseses
040 _aFLL
_cFLL
_beng
041 _2eng
_aeng
100 _aRao P. S. D.
_9700534
245 0 _aNational human rights institutions in South Asia with special reference to the role of national human rights commission of India in combating custudial violence
942 _cDIS
_2CC
999 _c1169382
_d1169382